000 00370nam a2200145Ia 4500
008 220204s9999 xx 000 0 und d
082 _a631.81
_bMAR
100 _aMarschner, Horst
245 0 _aMineral nutrition of higher plants
250 _a2
260 _aLondon
_bAcademic
_c1997
650 _aNitrogen fixation
650 _aPlant soil relationship
942 _cBK
999 _c41483
_d41483